Rozvoj cestovného ruchu vo vybranom regióne SR diplomová práca

Na minha lista:
Detalhes bibliográficos
Autor principal: Stanková, Simona
Autor Corporativo: Obchodná fakulta EU. Katedra služieb a cestovného ruchu - zrušené
Outros Autores: Plesník, Pavol, 1956-
Formato: Livro
Idioma:eslovaco
Publicado em: Bratislava 2015
Tags: Adicionar Tag
Sem tags, seja o primeiro a adicionar uma tag!

MARC

LEADER 00000nbm a2200000 4500
001 0201540
005 20161212104800.4
041 0 |a slo 
044 |a SK 
245 1 0 |a Rozvoj cestovného ruchu vo vybranom regióne SR  |b diplomová práca  |c Simona Stanková ; školiteľ: Pavol Plesník 
264 1 |a Bratislava  |c 2015 
300 |a 53 s. 
100 1 |a Stanková, Simona 
700 1 |a Plesník, Pavol, 1956- 
710 2 |a Obchodná fakulta EU. Katedra služieb a cestovného ruchu - zrušené